000 00275nam a22001217a 4500
082 _a021 JOS
100 _aJOSEY, E
245 _aWhat black Librarians are Saying.
260 _bThe Scarecrow Press
300 _avii,317p
_bill.;21cm
500 _ainclude index
942 _cBK
999 _c19143
_d19143